Normal view MARC view

Entry Meeting Name

Number of records used in: 1

001 - CONTROL NUMBER

  • control field: 29081

003 - CONTROL NUMBER IDENTIFIER

  • control field: OSt

005 - DATE AND TIME OF LATEST TRANSACTION

  • control field: 20211105135233.0

008 - FIXED-LENGTH DATA ELEMENTS

  • fixed length control field: 211105|| aca||aabn | a|a d

040 ## - CATALOGING SOURCE

  • Original cataloging agency: OSt
  • Transcribing agency: OSt

111 ## - HEADING--MEETING NAME

  • Location of meeting: France
  • Date of meeting or treaty signing: 2002 July 29 -Aug. 23

670 ## - SOURCE DATA FOUND

  • Source citation: Work cat.: (OSt): France 2002 July 29 -Aug. 23, Accretion discs, jets and high energy phenomena in astrophysics, 2003

Powered by Koha